[Event "IBM"]
[Site "Amsterdam"]
[Date "1977.??.??"]
[Round "1"]
[White "Donner, Jan Hein"]
[Black "Ree, Hans"]
[Result "1/2-1/2"]
[WhiteElo "2470"]
[BlackElo "2460"]

1.d4 Nf6 2.c4 g6 3.g3 c6 4.Bg2 d5 5.cxd5 cxd5 6.Nc3 Bg7 7.Nf3 O-O 8.O-O Ne4
9.e3 Nxc3 10.bxc3 Nc6 11.Nd2 Be6 12.Ba3 Rc8 13.Re1 Re8 14.Bf1 Na5 15.Bb4 Nc6
16.Ba3 Na5 17.Bb4 Nc6  1/2-1/2

[Event "IBM"]
[Site "Amsterdam"]
[Date "1977.??.??"]
[Round "1"]
[White "Hulak, Krunoslav"]
[Black "Torre, Eugenio"]
[Result "1/2-1/2"]
[WhiteElo "2525"]
[BlackElo "2550"]

1.g3 d6 2.Bg2 Nf6 3.d4 g6 4.Nf3 Bg7 5.O-O O-O 6.c4 c6 7.Nc3 Bf5 8.Nd2 Na6
9.b3 Qd7 10.Bb2 Bh3 11.Re1 Bxg2 12.Kxg2 Nc7 13.e4 e5 14.dxe5 dxe5 15.Na4 Nh5
16.Nf3 Qe7 17.Qc1 Rfe8 18.Ba3 Qe6 19.Qe3 b6 20.Rad1 Rad8 21.c5 b5 22.Nb2 Bf8
23.Nd3 f6 24.Rd2 a5 25.b4 a4 26.Red1 Rd7 27.Bc1 Red8 28.h3 Ng7 29.a3 Qe8
30.Bb2 Nce6 31.Re1 Nh5 32.Kh2 Bg7 33.Rdd1 Qf8 34.Ba1 Bh6 35.Qe2 Nhg7 36.Kg2 Nh5
37.Kg1 Bg7 38.Bc3 Kh8  1/2-1/2

[Event "IBM"]
[Site "Amsterdam"]
[Date "1977.??.??"]
[Round "1"]
[White "Kavalek, Lubomir"]
[Black "Reshevsky, Samuel Herman"]
[Result "1/2-1/2"]
[WhiteElo "2545"]
[BlackElo "2490"]

1.e4 e5 2.Nf3 Nc6 3.Bb5 Nf6 4.O-O Nxe4 5.d4 Nd6 6.Bxc6 dxc6 7.dxe5 Nf5 8.Qxd8+ Kxd8
9.Nc3 Ke8 10.h3 Ne7 11.Nd4 Nf5 12.Nf3 Ne7 13.Bf4 Nd5 14.Nxd5 cxd5 15.Rad1 c6
16.Nd4 h5 17.Be3 Bc5 18.c4 Bxd4 19.Rxd4 Be6 20.c5 b6 21.Rc1 b5  1/2-1/2

[Event "IBM"]
[Site "Amsterdam"]
[Date "1977.??.??"]
[Round "1"]
[White "Van Wijgerden, Cornelis"]
[Black "Sosonko, Gennadi"]
[Result "1/2-1/2"]
[WhiteElo "2430"]
[BlackElo "2530"]

1.e4 c5 2.Nf3 d6 3.d4 cxd4 4.Nxd4 Nf6 5.Nc3 Nc6 6.Bc4 e6 7.Be3 a6 8.Bb3 Qc7
9.O-O Na5 10.f4 b5 11.f5 e5 12.Nde2 Nxb3 13.cxb3 Bb7 14.Rc1 Qa5 15.Ng3 h5
16.h4 Be7 17.Qe1 Ng4 18.f6 Bxf6 19.Nf5 Rd8 20.Bg5 Qb6+ 21.Kh1 Kf8  1/2-1/2

[Event "IBM"]
[Site "Amsterdam"]
[Date "1977.??.??"]
[Round "2"]
[White "Liberzon, Vladimir M"]
[Black "Tatai, Stefano"]
[Result "1-0"]
[WhiteElo "2550"]
[BlackElo "2480"]

1.e4 e5 2.Nf3 Nc6 3.Bb5 a6 4.Ba4 d6 5.O-O Bd7 6.c3 Nf6 7.Re1 Be7 8.d4 O-O
9.Nbd2 exd4 10.cxd4 Nb4 11.Bb3 c5 12.Nf1 Bb5 13.Ng3 d5 14.e5 Ne4 15.Nxe4 dxe4
16.Rxe4 Bd3 17.Re3 c4 18.Bd2 Nd5 19.Rxd3 cxd3 20.Qf1 a5 21.Qxd3 Qd7 22.Qe4 Rfd8
23.Ng5 Bxg5 24.Bxg5 f6 25.exf6 a4 26.Bc4 Qf7 27.fxg7 Rd7 28.Re1 Rc8 29.Bd3 Qxg7
30.Qe6+ Kh8 31.h4 Nc7 32.Qe4 Rg8 33.Bf4 Rxd4 34.Qxd4 Qxd4 35.Be5+  1-0

[Event "IBM"]
[Site "Amsterdam"]
[Date "1977.??.??"]
[Round "2"]
[White "Van Wijgerden, Cornelis"]
[Black "Donner, Jan Hein"]
[Result "0-1"]
[WhiteElo "2430"]
[BlackElo "2470"]

1.e4 d6 2.d4 Nf6 3.Nc3 g6 4.f4 Bg7 5.Nf3 O-O 6.Bd3 Nc6 7.O-O e5 8.fxe5 dxe5
9.d5 Nd4 10.Nxe5 Nxe4 11.Bxe4 Bxe5 12.Bf4 Bxf4 13.Rxf4 Nf5 14.Rf2 Nd6 15.Bd3 Bd7
16.Qf3 f5 17.Re2 Qf6 18.Qf4 Rae8 19.Rae1 Rxe2 20.Rxe2 Re8 21.Rxe8+ Bxe8 22.Nd1 g5
23.Qf2 Qe5 24.Qe3 Qxe3+ 25.Nxe3 f4 26.Nf5 Nxf5 27.Bxf5 Kg7 28.Kf2 Bg6 29.Bc8 Bxc2
30.Bxb7 Kf6 31.Kf3 Ke5 32.Kg4 h6 33.Kh5 Bd1+ 34.Kxh6 g4 35.Kg5 f3 36.gxf3 gxf3
37.Kh4 Kf4  0-1

[Event "IBM"]
[Site "Amsterdam"]
[Date "1977.??.??"]
[Round "3"]
[White "Tatai, Stefano"]
[Black "Bohm, Hans"]
[Result "1/2-1/2"]
[WhiteElo "2480"]
[BlackElo "2445"]

1.d4 Nf6 2.c4 e6 3.Nf3 d5 4.Nc3 Be7 5.Bg5 Nbd7 6.e3 O-O 7.Rc1 a6 8.c5 h6
9.Bf4 Ne4 10.Nxe4 dxe4 11.Ne5 Nxe5 12.Bxe5 Bd7 13.Bc4 Bc6 14.Qg4 Bf6 15.Bf4 Kh8
16.h4 Qe7 17.Qh5 Rfe8 18.g4 e5 19.Bxe5 Bxe5 20.Qxe5 Qxe5 21.dxe5 Kg8 22.e6 fxe6
23.g5 Kf7 24.gxh6 gxh6 25.Rg1 Rg8 26.Rg3 Kf6 27.Be2 Ke5 28.Rd1 Bd5 29.a3 a5
30.Rd4 b6 31.cxb6 cxb6 32.Bc4 Rac8 33.Rxg8 Rxg8 34.Bxd5 exd5 35.b4 Rg4 36.bxa5 bxa5
37.Ra4 Rxh4 38.Kf1 Rg4 39.Rxa5 h5 40.Ra6 Rg5 41.a4  1/2-1/2

[Event "IBM"]
[Site "Amsterdam"]
[Date "1977.??.??"]
[Round "3"]
[White "Hulak, Krunoslav"]
[Black "Ree, Hans"]
[Result "1-0"]
[WhiteElo "2525"]
[BlackElo "2460"]

1.e4 e5 2.Nf3 Nc6 3.Bb5 a6 4.Ba4 g6 5.O-O Bg7 6.c3 d6 7.d4 Bd7 8.dxe5 dxe5
9.Bg5 Nge7 10.Qc1 O-O 11.Re1 Qe8 12.Bh6 Nc8 13.Bxg7 Kxg7 14.Na3 Nb6 15.Bb3 Be6
16.Ng5 Bxb3 17.axb3 Rd8 18.Nc2 f6 19.Nf3 Qf7 20.Nd2 Qd7 21.Nf1 Qe6 22.b4 Rf7
23.Nce3 Rfd7 24.Qc2 Na7 25.h4 Nb5 26.Qe2 Nd6 27.Nd2 Nf7 28.Red1 f5 29.exf5 gxf5
30.g4 fxg4 31.Ne4 Rxd1+ 32.Rxd1 Rxd1+ 33.Qxd1 Nh6 34.Qd8 Nf7 35.Qxc7 Nd5
36.Qxb7 Nxe3 37.fxe3 Qb3 38.Ng5 Qd1+ 39.Kf2 Qd2+ 40.Kg3 Qxe3+ 41.Kxg4 Qg1+
42.Kf5 Qf1+ 43.Qf3 Qb1+ 44.Ne4 Kf8 45.Kf6 Qc1 46.Ng5 Nxg5 47.Qa8+  1-0

[Event "IBM"]
[Site "Amsterdam"]
[Date "1977.??.??"]
[Round "3"]
[White "Kavalek, Lubomir"]
[Black "Van Wijgerden, Cornelis"]
[Result "1-0"]
[WhiteElo "2545"]
[BlackElo "2430"]

1.d4 g6 2.c4 Bg7 3.Nc3 d6 4.Nf3 Bg4 5.d5 c6 6.e4 Nd7 7.Be2 cxd5 8.Nxd5 Ngf6
9.Nxf6+ Bxf6 10.O-O O-O 11.Ng5 Bxe2 12.Qxe2 Rc8 13.Nf3 Qa5 14.Bh6 Rfe8 15.Rfc1 Ne5
16.Nxe5 Qxe5 17.Rc2 Qa5 18.Bd2 Qa6 19.a4 Rc7 20.Ra3 Rec8 21.b3 Qc6 22.Raa2 Qd7
23.Be3 a6 24.a5 Qe6 25.Qd3 Rc6 26.f4 Bg7 27.Re2 Qf6 28.h3 Qc3 29.Qxc3 Bxc3
30.Ra4 f5 31.exf5 gxf5 32.Kf2 Kf7 33.g4 e6 34.Kf3 Rd8 35.Bb6 Rd7 36.Re3 Bf6
37.Ra2 Bd8 38.Bxd8 Rxd8 39.Rae2 fxg4+ 40.hxg4 d5 41.Rd3 Rc5 42.Ra2 Rdc8 43.cxd5 Rxd5
44.Rad2 Rxd3+ 45.Rxd3 Ke7 46.Ke4 Rc7 47.Rh3 Kd6 48.Rh6 Rg7 49.b4 Rc7 50.f5 Rc4+
51.Kf3 Rxb4 52.Rxe6+ Kd5 53.Rh6 Ke5 54.Re6+ Kd5 55.Rh6 Ke5 56.Rxh7 Rb3+ 57.Ke2  1-0

[Event "IBM"]
[Site "Amsterdam"]
[Date "1977.??.??"]
[Round "3"]
[White "Donner, Jan Hein"]
[Black "Sosonko, Gennadi"]
[Result "1/2-1/2"]
[WhiteElo "2470"]
[BlackElo "2530"]

1.d4 Nf6 2.c4 e6 3.Nc3 Bb4 4.e3 c5 5.Bd3 Nc6 6.Nf3 Bxc3+ 7.bxc3 d6 8.e4 e5
9.d5 Ne7 10.Nh4 h6 11.g3 Bh3 12.f4 Ng6 13.Qf3 Bg4 14.Qf2 exf4 15.Nxg6 fxg6
16.gxf4 O-O 17.Qg3 Qa5 18.Bd2 Rae8 19.O-O Rxe4 20.Bxe4 Nxe4 21.Qxg4 Nxd2
22.Rfc1 Nxc4 23.Rc2 Qd8  1/2-1/2

[Event "IBM"]
[Site "Amsterdam"]
[Date "1977.??.??"]
[Round "4"]
[White "Sosonko, Gennadi"]
[Black "Liberzon, Vladimir M"]
[Result "1/2-1/2"]
[WhiteElo "2530"]
[BlackElo "2550"]

1.d4 Nf6 2.c4 g6 3.Nc3 d5 4.Nf3 Bg7 5.Qb3 dxc4 6.Qxc4 O-O 7.e4 Bg4 8.Be3 Nfd7
9.O-O-O Nb6 10.Qc5 e5 11.d5 N8d7 12.Qa3 Re8 13.Kb1 a5 14.Bb5 Bf8 15.Qb3 Qf6
16.Na4 Rec8 17.Nxb6  1/2-1/2

[Event "IBM"]
[Site "Amsterdam"]
[Date "1977.??.??"]
[Round "4"]
[White "Van Wijgerden, Cornelis"]
[Black "Hulak, Krunoslav"]
[Result "0-1"]
[WhiteElo "2430"]
[BlackElo "2525"]

1.g3 g6 2.Bg2 Bg7 3.d4 Nf6 4.e4 d6 5.Nc3 O-O 6.Nge2 c6 7.O-O e5 8.h3 Na6
9.Re1 Re8 10.a4 exd4 11.Nxd4 Nb4 12.a5 d5 13.e5 Nd7 14.f4 f6 15.e6 f5 16.Nxc6 bxc6
17.exd7 Rxe1+ 18.Qxe1 Qxd7 19.Qf2 Ba6 20.Na4 Qd6 21.Bf1 Bxf1 22.Kxf1 d4 23.c3 dxc3
24.Nxc3 Re8 25.Be3 Qd3+  0-1

[Event "IBM"]
[Site "Amsterdam"]
[Date "1977.??.??"]
[Round "4"]
[White "Bohm, Hans"]
[Black "Quinteros, Miguel A"]
[Result "1/2-1/2"]
[WhiteElo "2445"]
[BlackElo "2555"]

1.e4 g6 2.g3 d5 3.exd5 Qxd5 4.Nf3 Nc6 5.Bg2 Qe4+ 6.Kf1 Bg7 7.Nc3 Qf5 8.d4 Nf6
9.d5 Nb4 10.a3 Na6 11.Be3 O-O 12.Nd4 Qd7 13.h3 Ne8 14.Kg1 Nd6 15.Qe2 Nb8
16.Rd1 b6 17.Kh2 Bb7 18.Rhe1 a6 19.Bf4 Re8 20.Qf3 Qd8 21.Nc6 Nxc6 22.dxc6 Bc8
23.Be5 Bxe5 24.Rxe5 Be6 25.Ne4 Bf5 26.g4 Bxe4 27.Rxe4 e6 28.Red4 Qg5 29.b4 Rad8
30.Bf1 b5 31.Qe3 Qxe3 32.fxe3 Kf8 33.c4 bxc4 34.Bxc4 Ra8 35.Be2 Ke7 36.Kg2 h6
37.h4 g5 38.hxg5 hxg5 39.Rh1 Rab8 40.Rh5 Rb6 41.Rd2 a5 42.b5 Rg8 43.a4 Rbb8
44.Rh1 Kf6 45.Rf1+ Ke7 46.Rc1 Rgd8 47.Rcd1 Rh8 48.Rd4 Rhd8 49.Bf3 Rdc8 50.Kf2 Rh8
51.Ke1 Rhd8 52.R1d2 Rh8 53.Kd1 Rhd8 54.Kc2 Rdc8 55.Kc3 Rh8 56.R4d3 Rhd8 57.Rd1 Rbc8
58.R3d2 Rb8  1/2-1/2

[Event "IBM"]
[Site "Amsterdam"]
[Date "1977.??.??"]
[Round "4"]
[White "Ree, Hans"]
[Black "Panno, Oscar"]
[Result "1-0"]
[WhiteElo "2460"]
[BlackElo "2550"]

1.c4 g6 2.d4 Bg7 3.Nc3 d6 4.e4 Nd7 5.Be2 e5 6.Nf3 Ne7 7.Be3 O-O 8.Qd2 f5
9.exf5 gxf5 10.Bg5 e4 11.Nh4 Nf6 12.O-O c5 13.dxc5 dxc5 14.Qxd8 Rxd8 15.f3 h6
16.Be3 b6 17.g4 fxg4 18.fxe4 Nc6 19.Nd5 Nxd5 20.cxd5 Nd4 21.Bd3 Re8 22.Bf4 c4
23.Bxc4 Rxe4 24.Rae1 Nf3+ 25.Nxf3 Rxf4 26.Re8+ Kf7 27.Ne5+ Bxe5 28.Rxe5 Rxf1+
29.Kxf1 Kf6 30.Re8 g3 31.Kg1 gxh2+ 32.Kxh2 Bb7 33.Re6+ Kg5 34.Re7 b5 35.Bb3 Rb8
36.d6 a5 37.Re5+ Kf6 38.Rxb5 Rd8 39.Rxb7 Rxd6 40.Kg3 Rd2 41.Rb6+ Kg7 42.Be6  1-0

[Event "IBM"]
[Site "Amsterdam"]
[Date "1977.??.??"]
[Round "5"]
[White "Panno, Oscar"]
[Black "Van Wijgerden, Cornelis"]
[Result "1/2-1/2"]
[WhiteElo "2550"]
[BlackElo "2430"]

1.c4 e5 2.Nc3 Nf6 3.g3 d5 4.cxd5 Nxd5 5.Bg2 Nb6 6.Nf3 Nc6 7.O-O Be7 8.d3 O-O
9.Be3 f5 10.Qc1 h6 11.Rd1 Bf6 12.Bc5 Rf7 13.e3 Be6 14.d4 exd4 15.exd4 Rd7
16.Re1 Bf7 17.Ne5 Bxe5 18.dxe5 Be6 19.h4 Qe8 20.Qf4 Rad8 21.b3 Rd3 22.Re3 Rxe3
23.Bxe3 Qe7 24.Bxc6 bxc6 25.Rd1 Rxd1+ 26.Nxd1  1/2-1/2

[Event "IBM"]
[Site "Amsterdam"]
[Date "1977.??.??"]
[Round "5"]
[White "Tatai, Stefano"]
[Black "Torre, Eugenio"]
[Result "1-0"]
[WhiteElo "2480"]
[BlackElo "2550"]

1.d4 Nf6 2.c4 e6 3.Nf3 b6 4.g3 Bb7 5.Bg2 Be7 6.O-O O-O 7.Nc3 d5 8.Ne5 Na6
9.Be3 c5 10.Rc1 cxd4 11.Bxd4 Nc5 12.cxd5 exd5 13.Nd3 Ne6 14.Bxf6 Bxf6 15.Nb4 Nc7
16.Qb3 Bxc3 17.Qxc3 Rc8 18.Qd2 a5 19.Nc6 Qd7 20.Nd4 Ne6 21.Bh3 Rxc1 22.Rxc1 Qd6
23.Nf5 Qe5 24.Ne7+ Kh8 25.f4 Qf6 26.Nc6 Nc5 27.Ne5 Qe7 28.Bg2 f6 29.Nd3 Re8
30.Nxc5 bxc5 31.Rc2 a4 32.Bxd5 Rd8 33.e4 f5 34.Qa5 Bxd5 35.exd5 Rxd5 36.Re2 Qd8
37.Qxa4 Rd7 38.Qc6 Rd1+ 39.Kf2 Qd4+ 40.Kg2 h6 41.Qc8+  1-0

[Event "IBM"]
[Site "Amsterdam"]
[Date "1977.??.??"]
[Round "5"]
[White "Quinteros, Miguel A"]
[Black "Timman, Jan H"]
[Result "1/2-1/2"]
[WhiteElo "2555"]
[BlackElo "2590"]

1.c4 e5 2.Nc3 Nf6 3.Nf3 Nc6 4.g3 Bc5 5.d3 h6 6.Bg2 d6 7.O-O a6 8.a3 O-O 9.b4 Ba7
10.e3 Be6 11.Qc2 Qd7 12.Bb2 Bh3 13.Rac1 Rac8 14.Rfe1 Bxg2 15.Kxg2 Rfe8 16.Rcd1 Ne7
17.d4 exd4 18.exd4 Ng6 19.h3 b5 20.c5 c6 21.Qb1 Bb8 22.Rxe8+ Rxe8 23.Re1 dxc5
24.Rxe8+ Qxe8 25.dxc5 Ne5 26.Ne4 Nd5 27.Bxe5 Bxe5 28.Nxe5 Qxe5 29.Qd3 g6  1/2-1/2

[Event "IBM"]
[Site "Amsterdam"]
[Date "1977.??.??"]
[Round "5"]
[White "Liberzon, Vladimir M"]
[Black "Bohm, Hans"]
[Result "1/2-1/2"]
[WhiteElo "2550"]
[BlackElo "2445"]

1.e4 d6 2.d4 Nf6 3.Nc3 g6 4.Nf3 Bg7 5.Be2 O-O 6.O-O c6 7.h3 Qc7 8.Bf4 Nh5
9.Be3 e5 10.a4 Nd7 11.Qd2 Re8 12.dxe5 dxe5 13.Ng5 h6 14.Bxh5 hxg5 15.Be2 f6
16.Bc4+ Kh7 17.Rfd1 Nf8 18.Qd6 Qxd6 19.Rxd6 Ne6 20.a5 Bf8 21.Rdd1 Kg7 22.Kf1 Bb4
23.Ne2 Rh8 24.f3 Be7 25.Nc1 Rd8 26.Rxd8 Nxd8 27.Nb3 Ne6 28.Kf2 Nc7 29.Nc5 f5
30.Nd3 Kf6 31.Rd1 Ne6 32.Bxe6 Kxe6 33.exf5+ gxf5 34.Re1 e4 35.fxe4 f4 36.Bc5 Bd8
37.Bb4 b6 38.Ra1 c5 39.Bc3 c4 40.Nb4 bxa5 41.Nd5 Bb7 42.Bxa5 Bxd5 43.exd5+ Kd6
44.Bxd8 Rxd8 45.Rxa7 Rb8 46.Ra2 Kxd5 47.Kf3 Kd4 48.c3+ Kd3 49.Ra5 Rxb2 50.Rxg5 Kxc3
51.Kxf4 Kd4 52.g4  1/2-1/2

[Event "IBM"]
[Site "Amsterdam"]
[Date "1977.??.??"]
[Round "5"]
[White "Hulak, Krunoslav"]
[Black "Donner, Jan Hein"]
[Result "1/2-1/2"]
[WhiteElo "2525"]
[BlackElo "2470"]

1.e4 d6 2.d4 Nf6 3.Nc3 g6 4.Nf3 Bg7 5.Be2 O-O 6.O-O Nc6 7.d5 Nb4 8.h3 e6
9.a3 Na6 10.dxe6 Bxe6 11.Bg5 h6 12.Be3 Nc5 13.e5 Nfe4 14.Nxe4 Nxe4 15.Qc1 Kh7
16.Rd1 Qe7 17.exd6 Nxd6 18.Nd4 Bd7 19.c3 Rad8 20.a4 a5 21.Bf3 b6 22.Bf4 Qf6
23.Bxd6 cxd6 24.Bc6 Bc8 25.Nb5 Be6 26.Bd5 Qe5 27.Qd2 Rd7 28.Bxe6 fxe6 29.Re1 Qf5
30.Qe3 e5 31.c4 d5 32.cxd5 Rxd5 33.Rac1 Qf4 34.Qxb6 Rd2 35.Rf1 Rxb2 36.Rc7 Qxa4
37.Qa7 Rg8 38.Nc3 Qd4 39.Qxa5 Rc2 40.Nb5 Qd3 41.Rxc2 Qxc2 42.Nd6 Qc6 43.Rd1 Ra8
44.Qb5 Qxb5 45.Nxb5 Re8 46.Kf1 Bf6 47.Nc3 Kg7 48.Ne4 Be7 49.Rd5 Bf8 50.Rb5 Kf7
51.Rb6 Be7 52.g3 Ra8 53.Ke2 Ra3 54.Rc6 Rb3 55.h4 h5 56.Nd2 Rb5 57.Nc4 Rd5
58.Ke3 Rc5 59.Ke4 Rxc6 60.Nxe5+ Kf6 61.Nxc6 Bc5 62.Nd4 Bb6 63.f3 Ba7 64.f4 Bb6  1/2-1/2

[Event "IBM"]
[Site "Amsterdam"]
[Date "1977.??.??"]
[Round "6"]
[White "Torre, Eugenio"]
[Black "Quinteros, Miguel A"]
[Result "1-0"]
[WhiteElo "2550"]
[BlackElo "2555"]

1.e4 c5 2.Nf3 e6 3.d4 cxd4 4.Nxd4 Nf6 5.Nc3 Nc6 6.Ndb5 d6 7.Bf4 e5 8.Bg5 a6
9.Na3 b5 10.Bxf6 gxf6 11.Nd5 f5 12.Bd3 Be6 13.c4 Bxd5 14.exd5 Qa5+ 15.Kf1 Nd4
16.cxb5 axb5 17.Nc2 Nxc2 18.Qxc2 e4 19.Qc6+ Ke7 20.Bxb5 Ra7 21.a4 Bg7 22.Qc1 Rb8
23.Rb1 Rxb5 24.axb5 Qxb5+ 25.Kg1 Qxd5 26.h4 Be5 27.Rh3 f4 28.Ra3 Rd7 29.b4 Qe6
30.Qc8 Qg6 31.Ra8 f3 32.Qg8 Bg7 33.g3 Qg4 34.Kh2 Kf6 35.Qc8 Qe6 36.b5 Kf5
37.b6 Be5 38.Ra7 Bxg3+ 39.fxg3  1-0

[Event "IBM"]
[Site "Amsterdam"]
[Date "1977.??.??"]
[Round "6"]
[White "Timman, Jan H"]
[Black "Liberzon, Vladimir M"]
[Result "0-1"]
[WhiteElo "2590"]
[BlackElo "2550"]

1.e4 c5 2.Nf3 e6 3.d4 cxd4 4.Nxd4 a6 5.Bd3 Nf6 6.O-O d6 7.Qe2 Be7 8.b3 Bd7
9.Bb2 Nc6 10.Nd2 O-O 11.Kh1 Nxd4 12.Bxd4 e5 13.Bb2 Be6 14.Nc4 Nd7 15.a4 Qc7
16.a5 Rad8 17.Ne3 Nc5 18.f4 exf4 19.Nf5 Bxf5 20.exf5 Nxd3 21.f6 Ne5 22.fxe7 Qxe7
23.Rxf4 f6 24.h3 Rfe8 25.Raa4 d5 26.Bxe5 Qxe5 27.Qd2 Qe1+ 28.Qxe1 Rxe1+ 29.Kh2 Re2
30.c4 d4 31.c5 d3 32.Rad4 Ree8 33.Rd6 Rxd6 34.cxd6 Rd8 35.Rd4 Kf7 36.Rxd3 Ke6
37.Rd4 Rd7 38.Kg3 Ke5 39.Rb4 Kxd6 40.Rb6+ Kc7 41.Re6 Kd8 42.Rb6 Re7 43.Kf4 Kc7
44.Rb4 Re5 45.Rc4+ Kd6 46.b4 h5 47.h4 g5+ 48.Kf3 Rf5+ 49.Ke3 Rb5 50.Rd4+ Ke6
51.Rc4 Re5+ 52.Kf3 Rf5+ 53.Ke3 Kd6 54.Rd4+ Kc6 55.Re4 Kb5 56.g4 hxg4 57.Rxg4 gxh4
58.Rxh4 Ka4 59.Kd3 Kb3 60.Rh1 Rd5+  0-1

[Event "IBM"]
[Site "Amsterdam"]
[Date "1977.??.??"]
[Round "6"]
[White "Sosonko, Gennadi"]
[Black "Bohm, Hans"]
[Result "1/2-1/2"]
[WhiteElo "2530"]
[BlackElo "2445"]

1.d4 e6 2.Nf3 b6 3.e4 d5 4.Bd3 Nf6 5.e5 Nfd7 6.Ng5 Be7 7.h4 Ba6 8.Rh3 Bxd3
9.Qxd3 c5 10.c3 Qc8 11.Na3 h6 12.Nxe6 fxe6 13.Qg6+ Kd8 14.Qxg7 Re8 15.Bxh6 Qa6
16.Qg6 cxd4 17.cxd4 Bb4+ 18.Bd2 Bxd2+ 19.Kxd2 Nc6 20.Rc1 Nxd4 21.Qg5+  1/2-1/2

[Event "IBM"]
[Site "Amsterdam"]
[Date "1977.??.??"]
[Round "7"]
[White "Adorjan, Andras"]
[Black "Donner, Jan Hein"]
[Result "1/2-1/2"]
[WhiteElo "2530"]
[BlackElo "2470"]

1.e4 e6 2.d4 d5 3.Nd2 c5 4.Ngf3 Nc6 5.exd5 exd5 6.Bb5 Bd6 7.dxc5 Bxc5 8.Nb3 Bb6
9.Qe2+ Ne7 10.Be3 O-O 11.Bxb6 Qxb6 12.Bxc6 Nxc6 13.O-O Bg4 14.h3 Rfe8 15.Qd1 Bxf3
16.Qxf3 d4  1/2-1/2

[Event "IBM"]
[Site "Amsterdam"]
[Date "1977.??.??"]
[Round "7"]
[White "Panno, Oscar"]
[Black "Kavalek, Lubomir"]
[Result "1/2-1/2"]
[WhiteElo "2550"]
[BlackElo "2545"]

1.Nf3 Nf6 2.c4 d6 3.d4 g6 4.g3 Bg7 5.Bg2 O-O 6.O-O c6 7.Nc3 Bf5 8.Ne1 e5
9.d5 cxd5 10.Nxd5 Nxd5 11.Bxd5 Nc6 12.Nc2 Rc8 13.Ne3 Bh3 14.Bg2 Bxg2 15.Kxg2 Nd4
16.b3 f5 17.Bb2 f4 18.Bxd4 exd4 19.Nd5 d3 20.Qxd3 Bxa1 21.Rxa1 Qg5 22.Rd1 Rce8
23.f3 fxg3 24.hxg3 h5 25.Rh1 Rf7 26.a4  1/2-1/2

[Event "IBM"]
[Site "Amsterdam"]
[Date "1977.??.??"]
[Round "7"]
[White "Bohm, Hans"]
[Black "Timman, Jan H"]
[Result "1/2-1/2"]
[WhiteElo "2445"]
[BlackElo "2590"]

1.e4 c5 2.Nf3 Nc6 3.d4 cxd4 4.Nxd4 Nf6 5.Nc3 d6 6.g3 Bg4 7.f3 Nxd4 8.Qxd4 Bd7
9.Nd5 Ng8 10.Bg5 h6 11.Bh4 Qc8 12.f4 e6 13.Nc3 a6 14.O-O-O Qc5 15.Qxc5 dxc5
16.Bg2 Bc6 17.Rhe1 g5 18.fxg5 hxg5 19.Bxg5 Rxh2 20.Bf3 Bh6 21.Bxh6 Rxh6 22.Re3 Nf6
23.e5 Bxf3 24.Rxf3 Nd7 25.Ne4 Nxe5 26.Rb3 b5 27.Nxc5 Rh2 28.Re3 Nc4 29.Red3 Rc8
30.Ne4 Kf8 31.b3 Na3 32.Rd8+ Rxd8 33.Rxd8+ Ke7 34.Rd2 Rh1+ 35.Rd1 Rh8 36.Kb2 b4
37.c3 f5 38.cxb4 fxe4 39.Kxa3 Kf6 40.b5 axb5 41.Kb4 Ke5 42.Kxb5 e3 43.Kc4 Rd8
44.Rf1 Rf8 45.Re1 Ke4 46.a4 Kf3 47.a5 Kf2 48.Ra1 e2 49.b4 Ke3 50.a6 Rf1 51.Ra3+ Ke4
52.a7 Rf8 53.Ra6 e5 54.Ra1 Ra8 55.Re1 Kf3 56.Kd5 Rxa7 57.Kxe5 Rb7 58.g4 Kxg4
59.Ke4 Re7+ 60.Kd5  1/2-1/2

[Event "IBM"]
[Site "Amsterdam"]
[Date "1977.??.??"]
[Round "7"]
[White "Hulak, Krunoslav"]
[Black "Sosonko, Gennadi"]
[Result "1/2-1/2"]
[WhiteElo "2525"]
[BlackElo "2530"]

1.g3 d5 2.Bg2 e5 3.d3 Nc6 4.Nf3 Nf6 5.O-O Be7 6.c4 O-O 7.cxd5 Nxd5 8.a3 Be6
9.b4 Bf6 10.e4 Nb6 11.Bb2 Qd7 12.Qc2 a6 13.Rd1 Rfd8 14.Nc3 a5 15.b5 Nd4  1/2-1/2

[Event "IBM"]
[Site "Amsterdam"]
[Date "1977.??.??"]
[Round "7"]
[White "Liberzon, Vladimir M"]
[Black "Torre, Eugenio"]
[Result "1/2-1/2"]
[WhiteElo "2550"]
[BlackElo "2550"]

1.e4 c5 2.Nf3 e6 3.d4 cxd4 4.Nxd4 a6 5.Bd3 g6 6.O-O Bg7 7.Be3 Nc6 8.Nxc6 bxc6
9.Nd2 d5 10.c3 Nf6 11.Bc5 Nd7 12.Ba3 Bf8 13.Bxf8 Kxf8 14.b4 a5 15.Nb3 axb4
16.cxb4 Kg7 17.b5 cxb5 18.exd5 Nb6 19.dxe6 Bxe6 20.Bxb5 Qxd1 21.Rfxd1 Rxa2  1/2-1/2

[Event "IBM"]
[Site "Amsterdam"]
[Date "1977.??.??"]
[Round "7"]
[White "Tatai, Stefano"]
[Black "Ree, Hans"]
[Result "1/2-1/2"]
[WhiteElo "2480"]
[BlackElo "2460"]

1.d4 Nf6 2.c4 e6 3.Nf3 d5 4.Nc3 Be7 5.Bg5 O-O 6.e3 Nbd7 7.Rc1 c6 8.Bd3 dxc4
9.Bxc4 Nd5 10.Bxe7 Qxe7 11.O-O Nxc3 12.Rxc3 e5 13.Qc2 exd4 14.exd4 Nb6 15.Bb3 Be6
16.Qe2 Rfe8 17.Re3 Nd5 18.Bxd5 cxd5 19.Rc1 Rac8 20.Rxc8 Rxc8 21.Qd2 h6 22.h3 b6
23.Rc3 Rxc3 24.Qxc3 f6 25.Nd2 Bf7 26.Nf1 Qe4 27.a3 Qb1 28.f3 Kh7 29.Kf2 a5
30.Ne3 h5 31.Qc2+ Qxc2+ 32.Nxc2 h4 33.Ne3 g5 34.Nd1 Be8 35.Nc3 Bc6 36.b4 axb4
37.axb4 b5 38.f4 Kg6 39.Kf3 Kf5 40.fxg5 fxg5 41.Nd1 Kf6 42.Ne3 Kg6  1/2-1/2

[Event "IBM"]
[Site "Amsterdam"]
[Date "1977.??.??"]
[Round "7"]
[White "Quinteros, Miguel A"]
[Black "Reshevsky, Samuel Herman"]
[Result "1/2-1/2"]
[WhiteElo "2555"]
[BlackElo "2490"]

1.Nf3 Nf6 2.g3 b6 3.Bg2 Bb7 4.O-O e6 5.d3 d5 6.e4 Be7 7.Nbd2 O-O 8.e5 Nfd7
9.Re1 c5 10.Nf1 Na6 11.c3 b5 12.h4 b4 13.c4 dxc4 14.dxc4 Qc7 15.h5 Rad8 16.Qe2 Nab8
17.h6 g6 18.b3 Bxf3 19.Bxf3 Nc6 20.Bxc6 Qxc6 21.Nh2 Qb7 22.Ng4 Nb8 23.Bb2 Bg5
24.Rad1 Rxd1 25.Rxd1 Rd8 26.Bc1 Rxd1+ 27.Qxd1 Be7 28.Be3 Nd7 29.Qd2 Kf8 30.Bg5 Bxg5
31.Qxg5 Ke8 32.Nf6+ Nxf6 33.Qxf6 Qe4 34.Qh8+ Ke7 35.Qb8 Qe1+ 36.Kg2 Qe4+
37.Kh2 Qd4 38.Qxa7+ Ke8 39.Qb8+ Ke7 40.Kg1 Qd1+ 41.Kg2 Qd4 42.Qc7+ Ke8 43.Qc6+ Ke7
44.f4 g5 45.Qb7+ Ke8 46.Qf3 gxf4 47.gxf4 Qd2+ 48.Kh3 Qd4 49.Kg2 Qd2+ 50.Kh3 Qd4
51.Qg3 Qd1 52.Qg8+ Ke7 53.Qg5+ Ke8 54.Qg2 Qh5+ 55.Kg3 Qg6+ 56.Kf2 Qc2+ 57.Kg3 Qg6+
58.Kf2 Qc2+ 59.Kg3 Qg6+  1/2-1/2

[Event "IBM"]
[Site "Amsterdam"]
[Date "1977.??.??"]
[Round "8"]
[White "Van Wijgerden, Cornelis"]
[Black "Tatai, Stefano"]
[Result "1-0"]
[WhiteElo "2430"]
[BlackElo "2480"]

1.e4 c5 2.Nc3 d6 3.f4 g6 4.d4 cxd4 5.Qxd4 Nf6 6.e5 Nc6 7.Bb5 dxe5 8.Qxd8+ Kxd8
9.fxe5 Nxe5 10.Bf4 Ned7 11.O-O-O Nh5 12.Be3 Bg7 13.Nf3 Bxc3 14.bxc3 Kc7 15.Rhe1 a6
16.Bc4 e6 17.Ng5 Nb6 18.Be2 f6 19.Bxh5 fxg5 20.Bd4 Rf8 21.Be5+ Kc6 22.Bf3+ Rxf3
23.gxf3 Nc4 24.Rd8 b5 25.Bf6 h6 26.Rh8 Bb7 27.Rxa8 Bxa8 28.Rxe6+ Kd7 29.Re7+ Kd6
30.Rg7 Bxf3 31.Rxg6 g4 32.Rxh6 a5 33.Bd4+ Kc7 34.Rh5 Bc6 35.Rg5 Bd7 36.a4 Kb7
37.axb5  1-0

[Event "IBM"]
[Site "Amsterdam"]
[Date "1977.??.??"]
[Round "8"]
[White "Torre, Eugenio"]
[Black "Bohm, Hans"]
[Result "1/2-1/2"]
[WhiteElo "2550"]
[BlackElo "2445"]

1.e4 d5 2.exd5 Qxd5 3.Nc3 Qa5 4.d4 Nf6 5.Be2 Nc6 6.Be3 Nd5 7.Nf3 Nxe3 8.fxe3 Bg4
9.Nd2 Bxe2 10.Qxe2 e6 11.Nc4 Qg5 12.O-O Bd6 13.Nxd6+ cxd6 14.Ne4 Qe7 15.Qh5 O-O
16.c3 f5 17.Ng5 h6 18.Nh3 Rae8 19.Rae1 Qf7 20.Qxf7+ Rxf7 21.e4 fxe4 22.Rxe4 e5
23.dxe5 dxe5 24.Nf2 Rd8 25.Ng4 Rd2 26.b4 Rxf1+ 27.Kxf1 Rxa2 28.Nxe5 Nxe5
29.Rxe5  1/2-1/2

[Event "IBM"]
[Site "Amsterdam"]
[Date "1977.??.??"]
[Round "9"]
[White "Tatai, Stefano"]
[Black "Donner, Jan Hein"]
[Result "1/2-1/2"]
[WhiteElo "2480"]
[BlackElo "2470"]

1.d4 Nf6 2.c4 c5 3.d5 g6 4.Nc3 Bg7 5.e4 d6 6.h3 O-O 7.Nf3 e6 8.Bd3 exd5 9.exd5 Re8+
10.Be3 Bh6 11.O-O Bxe3 12.fxe3 Kg7 13.Qd2 Qe7 14.e4 Ng8 15.Bc2 f6 16.Rae1 Nd7
17.Nb5 Nb6 18.Qc3 a6 19.Nxd6 Qxd6 20.e5 Qd8 21.exf6+ Nxf6 22.Rxe8 Qxe8 23.Ng5 Qe7
24.Nxh7 Bf5 25.Bxf5 Kxh7 26.Bc2 Nbd7 27.Qg3  1/2-1/2

[Event "IBM"]
[Site "Amsterdam"]
[Date "1977.??.??"]
[Round "9"]
[White "Quinteros, Miguel A"]
[Black "Van Wijgerden, Cornelis"]
[Result "1-0"]
[WhiteElo "2555"]
[BlackElo "2430"]

1.d4 g6 2.e4 Bg7 3.c4 Nc6 4.Ne2 e5 5.d5 Nd4 6.Nxd4 exd4 7.Bd3 c5 8.O-O d6
9.f4 Ne7 10.f5 Be5 11.Nd2 f6 12.Nf3 g5 13.b4 cxb4 14.Qa4+ Bd7 15.Qxb4 b6
16.Bb2 Qc7 17.Bxd4 Bxd4+ 18.Nxd4 Qc5 19.Qb2 O-O 20.Kh1 Kg7 21.Be2 Rac8 22.Rac1 Rce8
23.Bh5 Rc8 24.a3 Ng8 25.h4 h6 26.Nf3 Ne7 27.Nd4 Rcd8 28.Rf3 Rc8 29.Ne6+ Bxe6
30.fxe6 Ng8 31.Bf7 g4 32.Rxf6 Nxf6 33.Rf1 Rxf7 34.exf7 Rf8 35.Qxf6+ Kh7 36.h5 Qe3
37.Qxd6  1-0

[Event "IBM"]
[Site "Amsterdam"]
[Date "1977.??.??"]
[Round "10"]
[White "Reshevsky, Samuel Herman"]
[Black "Timman, Jan H"]
[Result "0-1"]
[WhiteElo "2490"]
[BlackElo "2590"]

1.c4 e5 2.Nc3 Nf6 3.Nf3 Nc6 4.g3 Bc5 5.d3 h6 6.Bg2 d6 7.O-O a6 8.e3 O-O 9.h3 Bf5
10.Nd5 Ba7 11.e4 Bh7 12.Nxf6+ Qxf6 13.Be3 Bxe3 14.fxe3 Qe7 15.Qe2 a5 16.Nd2 Nb4
17.Nb1 f5 18.Nc3 fxe4 19.Rxf8+ Rxf8 20.Bxe4 Bxe4 21.dxe4 Qg5 22.Kg2 h5 23.h4 Qg4
24.Re1 Nc2 25.Qxc2 Rf3 26.Ne2 Rxe3 27.c5 dxc5 28.Qc4+ Kh7 29.Qf7 Rxe2+ 30.Rxe2 Qxe2+
31.Kg1 Qe1+ 32.Kh2 Qe2+ 33.Kg1 Qg4 34.Kf2 Qg6 35.Qxc7 Qxe4 36.Qxc5 Qd4+ 37.Qxd4 exd4
38.Kf3 g5 39.Ke4 Kg6 40.a4 d3 41.Kxd3 gxh4 42.gxh4 Kf5  0-1